000 00295nam a2200133Ia 4500
008 240624s9999 xx 000 0 und d
041 _aeng
082 _a823 GAA
100 _aGAARDER JOSTEIN
245 _aMAYA
260 _c2000
_aLondon
_bOrion
300 _a344 : p. : cm. ; 17
365 _cBPS
999 _c3828
_d3828